Dirty Harry's Speech Quiz Stats

Quiz Updated Sep 24, 2012

Challenge
Share
Tweet
Embed
Score 0/64 Timer 03:00
2 Plays Today
% Correct
I
96.5%
I
96.5%
ya
96.1%
you
96.1%
Do
92.3%
do
92.3%
a
91.1%
punk?
88.8%
Well,
87.7%
Well
87.7%
lucky?
87.4%
feel
87.2%
your
84.2%
the
84.2%
the
84.2%
the
84.2%
he
78.4%
to
78.3%
to
78.3%
Or
74.8%
six
73.1%
ask
73%
five?
72.2%
in
71.7%
in
71.7%
Did
71.3%
yourself
69.4%
know
69.2%
what
68.9%
shots?
68.8%
fire
68.4%
you're
65.4%
% Correct
question:
64.7%
thinking.
64.4%
this
62.9%
this
62.9%
one
61.2%
is
58.7%
tell
55%
only
54.9%
all
53.8%
truth,
53.3%
and
51.6%
got
50.2%
Magnum,
47.9%
world,
46.6%
most
44.8%
powerful
44.7%
myself.
44.2%
lost
43.2%
handgun
42.9%
head
40.2%
off,
39.7%
track
39%
you've
39%
.44
37.8%
blow
36.6%
clean
36.2%
But
35.3%
excitement,
34.3%
I've
33.1%
kinda
27%
would
25.5%
being
18.2%

You're not logged in!

Compare scores with friends on all Sporcle quizzes.
Sign Up with Email
OR
Log In

You Might Also Like...

Show Comments

Extras

Top Quizzes Today


Score Distribution

Your Account Isn't Verified!

In order to create a playlist on Sporcle, you need to verify the email address you used during registration. Go to your Sporcle Settings to finish the process.